书目信息 |
| 题名: |
钴-60数字辐射成像集装箱检测系统
|
|
| 作者: | 安继刚 著 | |
| 分册: | ||
| 出版信息: | 北京 清华大学出版社 2003.04 |
|
| 页数: | 240页 | |
| 开本: | 23cm | |
| 丛书名: | ||
| 单 册: | ||
| 中图分类: | U169.61 | |
| 科图分类: | ||
| 主题词: | 集装箱运输 | |
| 电子资源: | ||
| ISBN: | 7-302-06321-4 | |
| 000 | 00596nam0 2200193 45 | |
| 001 | 0436455004 | |
| 005 | 2004042910073393 | |
| 010 | @a7-302-06321-4@dCNY 48.00 | |
| 100 | @a20040429d2003 km y0chiy0120 ea | |
| 101 | 0 | @achi |
| 102 | @aCN@b110000 | |
| 200 | 1 | @a钴-60数字辐射成像集装箱检测系统@AGu-60 Shu Zi Fu She Cheng Xiang Ji Zhuang Xiang Jian Ce Xi Tong@f安继刚等著@FAn Ji Gang Deng Zhu |
| 210 | @a北京@c清华大学出版社@d2003.04 | |
| 215 | @a240页@d23cm | |
| 606 | 0 | @a集装箱运输 |
| 690 | @aU169.61@v3 | |
| 701 | 0 | @a安继刚@AAn Ji Gang@4著 |
| 801 | 0 | @aCN@bPFT@c20040429 |
| 905 | @dU169.61@eA660 | |
| 钴-60数字辐射成像集装箱检测系统/安继刚等著.-北京:清华大学出版社,2003.04 |
| 240页;23cm |
| ISBN 7-302-06321-4:CNY 48.00 |
| ● |
| 相关链接 |
|
|
|
正题名:钴-60数字辐射成像集装箱检测系统
索取号:U169.61/A660
 
预约/预借
| 序号 | 登录号 | 条形码 | 馆藏地/架位号 | 状态 | 备注 |
| 1 | 380593 | 203805935 | 自科库501/501自科库 49排1列5层/ [索取号:U169.61/A660] | 在馆 | |
| 2 | 380594 | 203805944 | 期刊室512/501自科库 49排1列5层/ [索取号:U169.61/A660] | 在馆 | |
| 3 | 380595 | 203805953 | 自科库501/501自科库 49排1列5层/ [索取号:U169.61/A660] | 在馆 |